000 00548nam a22001697a 4500
999 _c20849
_d20849
003 OSt
005 20240822154426.0
008 240822b ||||| |||| 00| 0 eng d
040 _c0
082 _aDPer 510.5 Am351 June-August vol.141 no. 3-4
100 _aJao, Casey.
_eauthor.
_958892
245 _aThe quintic nls on perturbations for R3 /
_cCasey Jao.
260 _aBaltimore, Maryland U.S.;
_bJohns Hopkins University Press,
_cJune 2019.
300 _avolume 141, pages 981-1035.
700 _aJao, Casey.
_eauthor.
_958892
942 _2ddc
_cPER